| 000 | 00366nam a2200145Ia 4500 | ||
|---|---|---|---|
| 008 | 230627s9999 xx 000 0 und d | ||
| 020 | _a978-81-7534-977-3 | ||
| 041 | _aeng | ||
| 082 |
_a342.940 _bDAS |
||
| 100 | _aDas,P.K. | ||
| 245 | _aThe Right To Information Act | ||
| 250 | _a3ed. | ||
| 260 |
_bUniversal Law Publishing Co. Pvt. Ltd. _c2010 |
||
| 300 | _a752p | ||
| 999 |
_c697183 _d697183 |
||